| 000 | 01143naa a2200313 c 4500 | ||
|---|---|---|---|
| 001 | 26513 | ||
| 003 | ES-MaCES | ||
| 005 | 20150217124522.0 | ||
| 008 | 940711n1994 sp ||| | spa d | ||
| 035 | _aCES19980004475v | ||
| 040 |
_aES-MaCES _bspa _cES-MaCES |
||
| 100 | 1 |
_921677 _aRamírez Martínez, Juan Manuel |
|
| 245 | 1 | 3 |
_aLa regulación del trabajo a tiempo parcial _b: balance y perspectivas _cJuan M. Ramírez Martínez |
| 650 | 4 |
_adoctrina jurídica _930888 |
|
| 650 | 4 |
_alegislación del trabajo _927166 |
|
| 650 | 4 |
_arégimen jurídico _929894 |
|
| 650 | 4 |
_aderechos de los trabajadores _929924 |
|
| 650 | 4 |
_aseguridad social _927034 |
|
| 650 | 4 |
_acotizaciones _930106 |
|
| 650 | 4 |
_ahoras de trabajo _928335 |
|
| 650 | 4 |
_atrabajador a tiempo parcial _929815 |
|
| 650 | 4 |
_acontrato de trabajo _928316 |
|
| 650 | 4 |
_atrabajo a tiempo reducido _929548 |
|
| 653 | 1 | 0 | _aRelaciones laborales-Empleo |
| 773 | 0 |
_tActualidad laboral _gAlcobendas, Madrid. - 1994, n. 11 (14-20 marzo) ; p. 165-174 _w(ES-MaCES)25022 |
|
| 902 | _aART Artículo de revista | ||
| 942 |
_2CES _cAR _h2.0. |
||
| 999 |
_c26513 _d26513 |
||